Search the Library Catalogue
| 000 -LEADER | |
|---|---|
| fixed length control field | 00767nam a2200229Ia 4500 |
| 008 - FIXED-LENGTH DATA ELEMENTS--GENERAL INFORMATION | |
| fixed length control field | 191130s2001##################000#0#eng## |
| 020 ## - INTERNATIONAL STANDARD BOOK NUMBER | |
| ISBN | 9780231113960 |
| 082 ## - DEWEY DECIMAL CLASSIFICATION NUMBER | |
| Classification number | 361.32 GIT |
| 245 ## - TITLE STATEMENT | |
| Title | Handbook of social work practice with vulnerable and resilient populations |
| Statement of responsibility, etc | Alex Gitterman, editor |
| 250 ## - EDITION STATEMENT | |
| Edition statement | 2nd ed |
| 260 ## - PUBLICATION, DISTRIBUTION, ETC. (IMPRINT) | |
| Place of publication | New York |
| Name of publisher | Columbia University Press |
| Year of publication | 2001 |
| 300 ## - PHYSICAL DESCRIPTION | |
| Number of Pages | xviii, 910 p. ; 26 cm |
| 500 ## - GENERAL NOTE | |
| General note | Includes bibliographical references and indexes |
| 650 ## - SUBJECT ADDED ENTRY--TOPICAL TERM | |
| Topical Term | Social service - United States |
| Topical Term | Social work with people with social disabilities - United States |
| 700 ## - ADDED ENTRY--PERSONAL NAME | |
| Personal name | Gitterman, Alex |
| 991 ## - | |
| -- | 340246 |
| Withdrawn status | Lost status | Damaged status | Not for loan | Home library | Current library | Shelving location | Date acquired | Full call number | Accession Number | Price effective from | Koha item type |
|---|---|---|---|---|---|---|---|---|---|---|---|
| Anna Centenary Library | Anna Centenary Library | 4TH FLOOR, A WING | 13.10.2020 | 361.32 GIT | 165719 | 13.10.2020 | English Books |